000
00290nam a22001217a 4500
020
_a
00217509044
040
_c
DLC
082
_a
428 ARN 1989 A006 Or.
245
_a
MEMORIES
260
_a
NEW YORK N.Y.
_b
MACMILLAN PUBLISHING COMPANY A DIVISION OF
_c
1989
300
_a
144P
942
_c
AEDBB
999
_c
22101
_d
22101